1010 1441 1343 1924 1096 1301 1059 1770 1579 1922 1575 1640 1117 1624 1714 1758 1445 1428 1161 1877 1265 1142 1251 1455 1873 1065 1577 1121 1302 1352 1612 1739 1309 1845 1519 1729 1900 1107 1783 1981 1939 1103 1751 1210 1972 1068 1673 1641 1974 1452 1206 1276 1051 1256 1946 1490 1281 1400 1819 1084 1173 1374 1960 1828 1500 1425 1459 1812 1084 1345 1304 1915 1429 1617 1926 1038 1855 1946 1427 1747 1052 1633 1873 1022 1512 1988 1203 1401 1218 1882 1720 1243 1333 1387 1963 1687 1306 1527 1765 BCNSPRNW ULIB Ver.6.0+V

เปลี่ยนเป็นภาษาไทย

Change to English
 แสดงรายละเอียดบรรณานุกรม
  กลับหน้าหลัก

Brief Record : Get Marc (ISO 2709) : E-mail record : QR code < ปิดหน้าต่าง
LEADER : 00000nam 2200000uu 4500
001    13399121646
003     ULIB
008    121128s2550||||th 000 0 tha d
020    ^a9789748377032
060 04 ^aWS200^bช175U
245 00 ^aUpdate on pediatric infectious diseases^n2007 /^cบรรณาธิการ อังกูร เกิดพาณิช ... [และคนอื่นๆ]
250    ^aพิมพ์ครั้งที่ 2
260    ^aกรุงเทพฯ :^bสมาคมโรคติดเชื้อในเด็กแห่งประเทศไทย,^c2550
300    ^av, 297 หน้า :^bภาพประกอบ ;^c26 ซม.
650  7 ^aกุมารเวชศาสตร์
650  7 ^aโรคติดต่อ^xในวัยทารกและวัยเด็ก
650  7 ^aโรคติดต่อ, การควบคุม
653    ^aผลงานอาจารย์คณะแพทยศาสตร์ศิริราชพยาบาล
700 0  ^aอังกูร เกิดพาณิช,^eบรรณาธิการ
710 2  ^aสมาคมโรคติดเชื้อในเด็กแห่งประเทศไทย
945    ^p280^l0^i14213
945    ^p280^l0^i15811
995    ^aวิภา
999 ^a ใช้งานได้ทุกระบบ
รายการนี้ยังไม่มีแท็ก
คุณยังไม่ได้ล็อกอิน คุณสามารถมีกิจกรรมร่วมกับเว็บไซต์ได้ แต่ต้องล็อกอินก่อน ::
  ล็อกอิน

รายการสื่อสารสนเทศ

ลำดับที่ ประเภท เลขเรียก/บาร์โค้ด สถานที่ สถานะ
- ไม่พบข้อมูล -

รายการใกล้เคียง
    หัวเรื่อง [กุมารเวชศาสตร์]
    หัวเรื่อง [โรคติดต่อ, การควบคุม]

BibComment


ยังไม่เคยถูกคอมเมนท์

คอมเมนท์ทรัพยากรรายการนี้
  คอมเมนท์: Update on pediat..


 Copyright 2026. Bcnsprnw @Library